<?xml version="1.0" encoding="UTF-8"?>
<record
    xmlns:xsi="http://www.w3.org/2001/XMLSchema-instance"
    xsi:schemaLocation="http://www.loc.gov/MARC21/slim http://www.loc.gov/standards/marcxml/schema/MARC21slim.xsd"
    xmlns="http://www.loc.gov/MARC21/slim">

  <leader>00673nam a22001937a 4500</leader>
  <datafield tag="020" ind1=" " ind2=" ">
    <subfield code="a">9789695816585</subfield>
  </datafield>
  <datafield tag="082" ind1=" " ind2=" ">
    <subfield code="a">891.4393 </subfield>
    <subfield code="b">TAB</subfield>
  </datafield>
  <datafield tag="100" ind1=" " ind2=" ">
    <subfield code="a">Tabassum, Haroon&#x202F;Ur rasheed</subfield>
  </datafield>
  <datafield tag="245" ind1=" " ind2=" ">
    <subfield code="a">Baalan&#x202F;Lai&#x202F;Iqbal/</subfield>
    <subfield code="c">Dr.&#x202F;Haroon&#x202F;Urrasheed&#x202F;Tabassum.</subfield>
  </datafield>
  <datafield tag="260" ind1=" " ind2=" ">
    <subfield code="a">Faisalabad:</subfield>
    <subfield code="b">Misal Publishers,</subfield>
    <subfield code="c">2021.</subfield>
  </datafield>
  <datafield tag="300" ind1=" " ind2=" ">
    <subfield code="a">200pages.</subfield>
  </datafield>
  <datafield tag="563" ind1=" " ind2=" ">
    <subfield code="a">HB</subfield>
  </datafield>
  <datafield tag="650" ind1=" " ind2=" ">
    <subfield code="a">&#x62A;&#x62C;&#x632;&#x6CC;&#x6C1; &#x648; &#x62A;&#x646;&#x642;&#x6CC;&#x62F;</subfield>
    <subfield code="9">126056</subfield>
  </datafield>
  <datafield tag="650" ind1=" " ind2=" ">
    <subfield code="a">&#x627;&#x631;&#x62F;&#x648; &#x627;&#x62F;&#x628;</subfield>
    <subfield code="9">129740</subfield>
  </datafield>
  <datafield tag="880" ind1=" " ind2=" ">
    <subfield code="6">100-01\(3\r</subfield>
    <subfield code="a">&#x628;&#x627;&#x644;&#x627;&#x6BA; &#x644;&#x626;&#x6CC; &#x627;&#x642;&#x628;&#x627;&#x644;\</subfield>
  </datafield>
  <datafield tag="880" ind1=" " ind2=" ">
    <subfield code="6">100-02\(3\r</subfield>
    <subfield code="a">&#x688;&#x627;&#x6A9;&#x679;&#x631; &#x6C1;&#x627;&#x631;&#x648;&#x646; &#x627;&#x631;&#x634;&#x6CC;&#x62F; &#x62A;&#x628;&#x633;&#x645;&#x6D4;</subfield>
  </datafield>
  <datafield tag="880" ind1=" " ind2=" ">
    <subfield code="6">100-03\(3\r</subfield>
    <subfield code="a">&#x641;&#x6CC;&#x635;&#x644; &#x622;&#x628;&#x627;&#x62F;:</subfield>
    <subfield code="b">&#x645;&#x62B;&#x627;&#x644; &#x67E;&#x628;&#x644;&#x634;&#x631;&#x632;&#x60C; </subfield>
    <subfield code="c">2021.</subfield>
  </datafield>
  <datafield tag="942" ind1=" " ind2=" ">
    <subfield code="2">ddc</subfield>
    <subfield code="c">BK</subfield>
  </datafield>
  <datafield tag="999" ind1=" " ind2=" ">
    <subfield code="c">614289</subfield>
    <subfield code="d">614289</subfield>
  </datafield>
  <datafield tag="952" ind1=" " ind2=" ">
    <subfield code="0">0</subfield>
    <subfield code="1">0</subfield>
    <subfield code="2">ddc</subfield>
    <subfield code="4">0</subfield>
    <subfield code="6">891_439300000000000_TAB</subfield>
    <subfield code="7">0</subfield>
    <subfield code="9">641550</subfield>
    <subfield code="a">CL</subfield>
    <subfield code="b">CL</subfield>
    <subfield code="c">GEN</subfield>
    <subfield code="d">2025-07-12</subfield>
    <subfield code="e">DONATION</subfield>
    <subfield code="l">0</subfield>
    <subfield code="o">891.4393  TAB</subfield>
    <subfield code="p">CL-D-2763</subfield>
    <subfield code="r">2025-07-12</subfield>
    <subfield code="w">2025-07-12</subfield>
    <subfield code="y">BK</subfield>
  </datafield>
</record>
